000 00491nam a22001457a 4500
003 OSt
005 20211126141027.0
008 211126b ||||| |||| 00| 0 eng d
040 _cAIMIT LIBRARY
082 _a658.406 PRAS
100 _aPradhan, Satish;Dwarakanath, P
_eAuthor
_qSathish Pradhan; P Dwarakanath
_910895
245 _aTalent management: a useful dimension to developing organizational capability
260 _aNew Delhi
_bExcel Multimedia
_c2004
942 _2ddc
_cCD
_k658.406 PRAS
999 _c220800
_d220800